| 000 | 00434nam a2200145 a 4500 | ||
|---|---|---|---|
| 001 | 5365 | ||
| 003 | CDMR | ||
| 005 | 20130411164107.0 | ||
| 008 | 130130s ||||||||||||||||||||||||||||d | ||
| 040 |
_aCDMR _bcat _cCDMR |
||
| 245 | 0 | 0 |
_aOdyssey _b: el arte de la fotografía en la National Geographic |
| 260 |
_aBarcelona _c[s.d.] _bFundació Caixa de Pensions. Museu de la Ciència |
||
| 650 | 0 | 4 |
_93095 _aFotografia documental |
| 942 |
_cMON _2ddc |
||
| 999 |
_c5365 _d5365 |
||